Welcome to CU Library Online Public Access Catalogue (OPAC)

Pediatric education for prehospital professionals / (Record no. 109)

MARC details
000 -LEADER
fixed length control field 01095cam a22003254a 4500
001 - CONTROL NUMBER
control field 13760742
005 - DATE AND TIME OF LATEST TRANSACTION
control field 20241022095744.0
008 - FIXED-LENGTH DATA ELEMENTS--GENERAL INFORMATION
fixed length control field 041025s2006 maua b 001 0 eng
020 ## - INTERNATIONAL STANDARD BOOK NUMBER
International Standard Book Number 0763726540
020 ## - INTERNATIONAL STANDARD BOOK NUMBER
International Standard Book Number 9780763743734 (reprint ed.)
020 ## - INTERNATIONAL STANDARD BOOK NUMBER
International Standard Book Number 0763743739 (reprint ed.)
050 00 - LIBRARY OF CONGRESS CALL NUMBER
Classification number RJ370
Item number .P425 2006
082 00 - DEWEY DECIMAL CLASSIFICATION NUMBER
Classification number 618.92/0025
Edition information 22
245 00 - TITLE STATEMENT
Title Pediatric education for prehospital professionals /
Statement of responsibility, etc. American Academy of Pediatrics ; Ronald A. Dieckmann, editor.
250 ## - EDITION STATEMENT
Edition statement 2nd ed.
260 ## - PUBLICATION, DISTRIBUTION, ETC.
Place of publication, distribution, etc. Sudbury, Mass. :
Name of publisher, distributor, etc. Jones and Bartlett,
Date of publication, distribution, etc. c2006.
300 ## - PHYSICAL DESCRIPTION
Extent xiii, 404 p. :
Other physical details col. ill. ;
Dimensions 28 cm.
500 ## - GENERAL NOTE
General note include index
650 #0 - SUBJECT ADDED ENTRY--TOPICAL TERM
Topical term or geographic name entry element Pediatric emergencies.
650 #0 - SUBJECT ADDED ENTRY--TOPICAL TERM
Topical term or geographic name entry element Pediatric emergency services.
650 12 - SUBJECT ADDED ENTRY--TOPICAL TERM
Topical term or geographic name entry element Emergencies
General subdivision Child.
650 22 - SUBJECT ADDED ENTRY--TOPICAL TERM
Topical term or geographic name entry element Emergency Medical Services
General subdivision methods.
650 22 - SUBJECT ADDED ENTRY--TOPICAL TERM
Topical term or geographic name entry element Pediatrics.
700 1# - ADDED ENTRY--PERSONAL NAME
Personal name Dieckmann, Ronald A.
700 1# - ADDED ENTRY--PERSONAL NAME
Personal name Brownstein, Dena.
700 1# - ADDED ENTRY--PERSONAL NAME
Personal name Gausche-Hill, Marianne.
710 2# - ADDED ENTRY--CORPORATE NAME
Corporate name or jurisdiction name as entry element American Academy of Pediatrics.
710 2# - ADDED ENTRY--CORPORATE NAME
Corporate name or jurisdiction name as entry element Pediatric Education for Prehospital Professionals (Program)
942 ## - ADDED ENTRY ELEMENTS (KOHA)
Source of classification or shelving scheme Library of Congress Classification
Koha item type Books
Suppress in OPAC No
999 ## -
-- 109
-- 109
Holdings
Withdrawn status Lost status Source of classification or shelving scheme Damaged status Not for loan Collection Home library Current library Shelving location Date acquired Total checkouts Full call number Barcode Date last seen Copy number Price effective from Koha item type
    Library of Congress Classification     Non-fiction Undergraduate Library (Christ Temple) Undergraduate Library (Christ Temple) General stacks 10/22/2024   RJ370.P425 PED ulct00000039 10/22/2024 1 10/22/2024 Books
    Library of Congress Classification     Non-fiction Undergraduate Library (Christ Temple) Undergraduate Library (Christ Temple) General stacks 10/22/2024   RJ370.P425 PED   10/22/2024 1 10/22/2024 Books
© 2023-2024 Copyright: Central University Libraries. All Rights Reserved | Created by: Mahone Tech Office